Nomenklatur anggerik merangkap siklopedia penghimpun-penghimpun dibidang botani umumnja dibidang orchidologi chususnja terutama dalam wilajah Asia Tenggara. (Record no. 84146)

MARC details
000 -LEADER
fixed length control field 01079cam a22002771 4500
001 - CONTROL NUMBER
control field sa 68011847
003 - CONTROL NUMBER IDENTIFIER
control field DLC
005 - DATE AND TIME OF LATEST TRANSACTION
control field 20260227112605.0
008 - FIXED-LENGTH DATA ELEMENTS--GENERAL INFORMATION
fixed length control field 860317q19501959io c d 000 0 ind
010 ## - LIBRARY OF CONGRESS CONTROL NUMBER
LC control number sa 68011847
035 ## - SYSTEM CONTROL NUMBER
System control number (OCoLC)13302487
040 ## - CATALOGING SOURCE
Original cataloging agency DLC
Transcribing agency CU
Modifying agency DLC
041 0# - LANGUAGE CODE
Language code of text/sound track or separate title indlat
042 ## - AUTHENTICATION CODE
Authentication code premarc
050 00 - LIBRARY OF CONGRESS CALL NUMBER
Classification number QK9
Item number .L28
100 1# - MAIN ENTRY--PERSONAL NAME
Personal name Latif, S. M.
245 10 - TITLE STATEMENT
Title Nomenklatur anggerik merangkap siklopedia penghimpun-penghimpun dibidang botani umumnja dibidang orchidologi chususnja terutama dalam wilajah Asia Tenggara.
Statement of responsibility, etc. Susunan S.M. Latif.
260 ## - PUBLICATION, DISTRIBUTION, ETC.
Place of publication, distribution, etc. Djakarta,
Name of publisher, distributor, etc. Saksama,
Date of publication, distribution, etc. [195-?]
300 ## - PHYSICAL DESCRIPTION
Extent 179 p. (p. 177-179 advertisements)
Other physical details ports.
Dimensions 22 cm.
500 ## - GENERAL NOTE
General note At head of title: Perusateraan biologi.
500 ## - GENERAL NOTE
General note Cover title: Tafsir nomenklatur anggerik dan siklopedia penghimpun-penghimpun anggerik di Asia Tenggara.
650 #0 - SUBJECT ADDED ENTRY--TOPICAL TERM
Topical term or geographic name entry element Botany
General subdivision Dictionaries
-- Latin.
650 #0 - SUBJECT ADDED ENTRY--TOPICAL TERM
Topical term or geographic name entry element Latin language
General subdivision Dictionaries
-- Indonesian.
740 0# - ADDED ENTRY--UNCONTROLLED RELATED/ANALYTICAL TITLE
Uncontrolled related/analytical title Siklopedia penghimpun-penghimkpun anggerik di Asia Tenggara.
740 0# - ADDED ENTRY--UNCONTROLLED RELATED/ANALYTICAL TITLE
Uncontrolled related/analytical title Tafsir nomencklatur anggerik.

No items available.

Powered by Koha